Professional practice and business management (Record no. 108158)

MARC details
000 -LEADER
fixed length control field 00537cam a22001815a 4500
001 - CONTROL NUMBER
control field L143443
008 - FIXED-LENGTH DATA ELEMENTS--GENERAL INFORMATION
fixed length control field 080509s2001 xxk f 000 0 eng d
035 ## - SYSTEM CONTROL NUMBER
System control number (Sirsi) u143443
041 0# - LANGUAGE CODE
Language code of text/sound track or separate title eng
110 2# - MAIN ENTRY--CORPORATE NAME
Corporate name or jurisdiction name as entry element Manchester College of Arts and Technology
9 (RLIN) 5542
245 00 - TITLE STATEMENT
Title Professional practice and business management
260 ## - PUBLICATION, DISTRIBUTION, ETC.
Place of publication, distribution, etc. Manchester
Name of publisher, distributor, etc. MANCAT
Date of publication, distribution, etc. 2001
300 ## - PHYSICAL DESCRIPTION
Extent 2v.
Dimensions 25cm.
651 #4 - SUBJECT ADDED ENTRY--GEOGRAPHIC NAME
Geographic name United Kingdom
Chronological subdivision
690 ## - LOCAL SUBJECT ADDED ENTRY--TOPICAL TERM (OCLC, RLIN)
Topical term or geographic name as entry element MANAGEMENT-BUSINESS MANAGEMENT
710 1# - ADDED ENTRY--CORPORATE NAME
Corporate name or jurisdiction name as entry element Royal Institution of Chartered Surveyors
9 (RLIN) 4900
942 ## - ADDED ENTRY ELEMENTS (KOHA)
Suppress in OPAC 0
Holdings
Withdrawn status Lost status Source of classification or shelving scheme Damaged status Not for loan Home library Current library Shelving location Date acquired Total Checkouts Full call number Barcode Date last seen Copy number Price effective from Koha item type
    Dewey Decimal Classification     London London RICS Boxes 09/05/2008   RICS 2001/72 PART 1 30072508 06/08/2019 1 06/08/2019 Archive
    Dewey Decimal Classification     London London RICS Boxes 09/05/2008   RICS 2001/72 PART 2 30072510 06/08/2019 1 06/08/2019 Archive